Vol. 25, № 40-52; L'Eclairage Electrique. Electriques - Mecaniques - Thermiques de L'Energie

Bibliographische Detailangaben
Parent link:L'Eclairage Electrique. Electriques - Mecaniques - Thermiques de L'Energie: revue hebdomadaire des transformations. Vol. 25, № 40-52.— , 1894-1907
Sprache:Französisch
Veröffentlicht: 1900
Format: Buch
KOHA link:https://koha.lib.tpu.ru/cgi-bin/koha/opac-detail.pl?biblionumber=540088

MARC

LEADER 00000nam2a2200000 4500
001 540088
005 20231101114511.0
035 |a (RuTPU)RU\TPU\prd\229978 
035 |a RU\TPU\prd\229960 
090 |a 540088 
100 |a 20150120b1900 k y0frey50 ba 
101 0 |a fre 
102 |a FR 
200 0 |a Vol. 25, № 40-52 
210 |d 1900 
461 1 |0 (RuTPU)RU\TPU\prd\211  |t L'Eclairage Electrique. Electriques - Mecaniques - Thermiques de L'Energie  |o revue hebdomadaire des transformations  |v Vol. 25, № 40-52  |d 1894-1907 
801 0 |a RU  |b 63413507  |c 20010227  |g PSBO 
801 1 |a RU  |b 63413507  |c 20150120 
801 2 |a RU  |b 63413507  |c 20150120  |g RCR 
942 |c BK 
999 |a НТБ_ТПУ  |b НФ  |e -4/20150112  |p П-132  |u 130,00  |v 1